000
00277 a2200109 4500
000
nam a22 7a 4500
005
20260316100755.0
100
_a
Chiun, Yan
_9
1132088
245
_a
Coulomb excitations and decays related systems
260
_b
CRC Press
_c
2020
942
_c
TEXL
999
_c
1715446
_d
1715446